Linguistic imperialisnm continued / (Record no. 39066)

MARC details
000 -LEADER
fixed length control field 00682nam a22002057a 4500
005 - DATE AND TIME OF LATEST TRANSACTION
control field 20100803163055.0
010 ## - LCCN (DPL NO)
LC control number ENG-97954
020 ## - INTERNATIONAL STANDARD BOOK NUMBER
International Standard Book Number 9788125037484
Terms of availability 345.00
035 ## - SYSTEM CONTROL NUMBER
System control number EN-81487
037 ## - SOURCE OF ACQUISITION
Source of stock number/acquisition DBAD/PUB
082 ## - DEWEY DECIMAL CLASSIFICATION NUMBER
Classification number 400
100 ## - MAIN ENTRY--PERSONAL NAME
Personal name Phillipson, Robert
245 ## - TITLE STATEMENT
Title Linguistic imperialisnm continued /
Statement of responsibility, etc by Robert Phillipson
260 ## - PUBLICATION, DISTRIBUTION, ETC. (IMPRINT)
Place of publication, distribution, etc Hyderabad
Name of publisher, distributor, etc Orient Blackswan
Date of publication, distribution, etc 2009
270 ## - ADDRESS
Address 3-6-752 Himayatnagar
City Hyderabad
Postal code 500029
300 ## - PHYSICAL DESCRIPTION
Extent 288p.
Dimensions 21cm (pbk)
500 ## - GENERAL NOTE
General note includes index
942 ## - ADDED ENTRY ELEMENTS (KOHA)
Source of classification or shelving scheme Dewey Decimal Classification
Item type English Books
Classification part 400
Call number suffix PHI
Holdings
Withdrawn status Lost status Not for loan Collection code Home library Current library Date acquired Source of acquisition Cost, normal purchase price Full call number Barcode Copy number Cost, replacement price Koha item type
    Not For Loan Non-fiction D.B.Act.Division D.B.Act.Division 03/08/2010 DBAD/PUB 345.00 400 PHI EN-81487 1 345.00 English Books

© Delhi Public Library
Hit Counter
free hit counter